| 000 | 00417nam a2200157 i 4500 | ||
|---|---|---|---|
| 001 | 23905 | ||
| 003 | ES-MaACL | ||
| 005 | 20230906152944.0 | ||
| 007 | t| | ||
| 008 | 021213s1966 sp ||||1| spa d | ||
| 100 | 1 |
_aAnorbin, Antón de. _921815 |
|
| 245 | 1 | 0 |
_aLíneas de fuerza / _cAntón de Anorbin. |
| 260 |
_aVitoria : _bEl Carmen, _c[1966] |
||
| 300 |
_a107 p. ; _c17 cm. |
||
| 852 |
_aES-MaACL _jC-31747 _bR.62041 |
||
| 999 |
_c23905 _d23905 |
||